[Event "EU-ch 6th"]
[Site "Warsaw"]
[Date "2005.06.25"]
[Round "7"]
[White "Parligras, Mircea Emilian"]
[Black "Timofeev, Artyom"]
[Result "1-0"]
[WhiteElo "2560"]
[BlackElo "2622"]
[Annotator "Erenburg,S"]
[PlyCount "53"]
[EventDate "2005.06.18"]
[EventType "swiss"]
[EventRounds "13"]
[EventCountry "POL"]
[SourceTitle "CBM 108"]
[Source "ChessBase"]
[SourceDate "2005.09.26"]
[SourceVersion "1"]
[SourceVersionDate "2005.09.26"]
[SourceQuality "1"]

1. e4 c5 2. Nf3 Nc6 3. d4 cxd4 4. Nxd4 Nf6 5. Nc3 d6 6. Bc4 Qb6 7. Nxc6 bxc6 8.
O-O g6 9. Qe1 {The main idea of this move is to push forward the "e" pawn,
thus, worsening Black's pawn structure.} (9. Bd3 Bg7 10. Na4 Qc7 11. f4 O-O 12.
c4 {1/2-1/2 Kovacevic,A-Knezevic,B/Belgrade 1998/CBM 064/[Gofshtein,L] (35)}) (
9. Qe2 {is another line.}) 9... Nd7 {Basically, Black cannot allow White to
carry out e4-e5. The second player has some other replies on White's threat:} (
9... Ng4 10. h3 (10. Na4 $146 Qd4 $1 11. Bb3 Ba6 12. Qd1 Qxd1 13. Rxd1 Bg7 $11
{Karjakin,S-Alekseev,E/Kallithea 86/(192) 2002/Inf 86/[Golubev,M] (13)}) 10...
Ne5 11. Na4 $1 $32 {1-0 Areshchenko,A-Shishkin,V/Kharkov 2004/CBM 103/
[Gofshtein,L] (40)}) (9... Qc5 10. b3 Bg7 11. Na4 (11. Bb2 O-O 12. Na4 Qh5 13.
f4 d5 14. Bxf6 exf6 15. exd5 cxd5 16. Bd3 f5 17. Rd1 Bb7 18. Qf2 Bc6 {1/2-1/2
Karjakin,S-Miroshnichenko,E/Simferopol UKR 2003/The Week in Chess 476 (18)})
11... Qh5 12. f3 Nd7 13. Bb2 Bxb2 14. Nxb2 O-O 15. Kh1 a5 16. f4 Nc5 17. Qe3 {
1/2-1/2 Areshchenko,A-Andreev,E/Kramatorsk 2003/CBM 97 (62)}) (9... Qc7 10. f4
d5 11. e5 Nd7 12. Bd3 Nc5 13. Be3 e6 14. Qf2 Nxd3 15. cxd3 Ba6 16. Rfd1 {
1-0 Golubev,M-Iordachescu,V/playchess.com INT 2004 (16)}) 10. Na4 $1 {The
point of White's opening idea. White is driving away the Black queen from the
a7-g1 diagonal, and is willing to occupy the long diagonal with his queen.
Other possibilities are:} (10. b3 Bg7 11. Na4 Qc7 12. Bb2 Bxb2 13. Nxb2 O-O 14.
f4 d5 15. Bd3 dxe4 16. Qxe4 Nc5 17. Qe3 {1/2-1/2 Todorovic,G-Perunovic,M/
Kopaonik SCG 2005/The Week in Chess 544 (17)}) (10. Kh1 Bg7 11. f4 Ba6 12. Bxa6
Qxa6 13. Bd2 O-O 14. Rf3 Rab8 15. b3 e6 16. Rh3 d5 17. Qh4 h5 18. e5 Rfe8 $13 {
1/2-1/2 Thipsay,P-Neelotpal,D/ch-IND National A, Calicut IND 2003 (34)}) (10.
Be3 Qc7 11. f4 Bg7 12. Qh4 Nb6 13. Bb3 Ba6 14. Rf3 Nc4 15. Bxc4 Bxc4 16. Qf2
Rb8 17. Bd4 Bxd4 18. Qxd4 Qb6 $11 {1/2-1/2 Hendriks,W-Nijboer,F/Dieren 2002/
CBM 089 ext (64)}) 10... Qd4 $2 $146 {Black wanted to cover the long diagonal,
but his queen will find himself in trouble there...} ({Better was} 10... Qc7
11. Qc3 Rg8 12. f4 Bg7 13. Qf3 Nb6 14. Nxb6 axb6 15. c3 Rf8 16. Be3 f5 17. Qh3
Rh8 $13 {0-1 Asauskas,H-Nevednichy,V/Warsaw POL 2005/The Week in Chess 555 (58)
}) 11. Bb3 Nf6 {Other continuations lead to an unpleasant position for Black
as well:} (11... Bg7 12. Bd2 Qf6 13. Bc3 e5 14. f4 $18) (11... Ba6 {is met by}
12. Bd2 Qf6 13. c4 Qh4 (13... Qe6 14. Bc3 f6 15. c5 $36) 14. Bc3 $16) 12. Qa5
$1 {[%cal Ga5c7,Gc1e3,Ya4b6]} Qe5 $2 {Exchange of the queens will not make
Black's life easier, as his pawn structure will become terrible.} (12... Nxe4
13. Be3 Qe5 14. Qc7 Bd7 15. Bxa7 {[%cal Ga4b6]} Rc8 16. Bxf7+ Kxf7 17. Qxd7 $16
) (12... Bd7 13. Be3 Qxe4 14. Nb6 Rd8 15. Nxd7 Rxd7 16. Rfe1 Qg4 17. Ba4 $18) (
{The least of the evils was} 12... Bg7 13. Be3 Qxe4 14. Nb6 axb6 15. Qxa8 O-O
16. Qa4 $14) 13. Qxe5 dxe5 14. f3 $16 {White's advantage is obvious, thanks to
his superior pawn structure. As a result, Black cannot find good positions for
his bishops...} Nd7 {covering the c5 square.} (14... h5 15. Be3 Bh6 16. Bf2 $16
) 15. Be3 e6 {Black's dark-squared bishop has nothing to do on the f8-h6
diagonal.} 16. Rfd1 Kd8 {transfering the monarch to c7.} (16... Be7 17. Rd2 O-O
18. Rad1 $18) 17. Nc5 $1 {exchanging Black's most important piece on the board.
} (17. Rd2 Kc7 18. Rad1 Be7 $16) 17... Kc7 18. Nxd7 Bxd7 19. Bg5 {taking
control over the d8 square.After eliminating Black's knight, White can threat
with occupation of the f6 square.} Rg8 (19... Bg7 20. Rd3 (20. Be7 Rae8 21.
Bd6+ Kb6 22. Rd3) 20... Rae8 21. Rad1 Bc8 22. Ba4 $18) 20. Rd3 {planning to
add the rooks on the "d" file.} c5 {intending to reply with 21...Bb5 on
white's 21.Rad1.} 21. Bc4 $1 {covering the b5 square.} Ba4 22. Rad1 {
threatening with Bf6.} Bg7 (22... Bxc2 23. Rd7+ $18) (22... Bc6 23. Bd8+ Kc8
24. Ba6+ Bb7 25. Bxb7+ Kxb7 26. Rd7+ $18) 23. Be3 $1 $18 {Now Black loses on
the spot.} Bf8 (23... Rad8 24. b3 $18 {[%cal Ge3c5]}) 24. Ra3 Bc6 (24... Bxc2
25. Rc1 {winning the bishop.}) 25. Bd2 $1 {transfering the bishop to a5.} Be7
26. Ba5+ Kc8 27. Ba6+ {winning the bishop.} (27. Ba6+ Bb7 (27... Kb8 28. Rb3+
$18) 28. Bxb7+ Kxb7 29. Rd7+ $18) 1-0

[Event "EU-ch 6th"]
[Site "Warsaw"]
[Date "2005.06.23"]
[Round "6"]
[White "Palac, Mladen"]
[Black "Jobava, Baadur"]
[Result "1/2-1/2"]
[WhiteElo "2574"]
[BlackElo "2637"]
[Annotator "Erenburg,S"]
[PlyCount "98"]
[EventDate "2005.06.18"]
[EventType "swiss"]
[EventRounds "13"]
[EventCountry "POL"]
[SourceTitle "CBM 108"]
[Source "ChessBase"]
[SourceDate "2005.09.26"]
[SourceVersion "1"]
[SourceVersionDate "2005.09.26"]
[SourceQuality "1"]

1. e4 c5 2. Nf3 d6 3. d4 cxd4 4. Nxd4 Nf6 5. Nc3 Nc6 6. Bc4 Bd7 7. Be3 {
This is a rare continuation. White has the following alternatives:} (7. Nxc6
Bxc6 8. Qe2 e6 9. Bf4 {[%csl Rd6][%cal Yf4d6]} Qa5 10. O-O-O {1-0 Kashtanov,
R-Polaninov,A/St Petersburg 2001/CBM 083/[Gofshtein,L] (41)}) (7. f4 Rc8 8. Bb3
Qa5 9. Nxc6 bxc6 $6 (9... Bxc6 $5 10. Bd2 Qb4 $132) 10. Qe2 d5 11. Bd2 dxe4 12.
Nxe4 Qc7 13. Nxf6+ gxf6 14. Qh5 $36 {1-0 Planinc,A-Masic,L/Novi Travnik 1969/
EXT 2000 (23)}) (7. f3 $5 Rc8 8. Bb3 g6 9. Be3 Bg7 {0-1 Debarnot,R-Pelikan,J/
Buenos Aires 1968/MCD (46)}) (7. h3 Nxd4 8. Qxd4 g6 9. O-O Bg7 10. Be3 O-O 11.
Qd3 Qa5 12. Bd4 Bc6 13. a3 $14 {1-0 Ciric,D-Tal,M/Wijk aan Zee 1968/MCL (40)})
(7. Bb3 g6 8. h3 $146 Nxd4 9. Qxd4 Bg7 10. O-O O-O 11. Qd3 b5 $1 12. a3 a5 13.
Bg5 Rb8 14. Rfe1 a4 15. Ba2 b4 16. axb4 Rxb4 17. Bxf6 Bxf6 18. Nd5 Rxb2 19.
Nxf6+ exf6 20. Qxd6 Bb5 $14 {0-1 Short,N-Kortschnoj,V/Horgen 1995/CBM 050/
[Boensch,U] (64) /=}) 7... Ng4 8. Nxc6 bxc6 9. Bd2 {Other possibilities are:} (
9. Bf4 e5 10. Bg3 Be7 11. Qe2 O-O 12. O-O $6 (12. h3 $5) (12. f3 Qb6 $13) 12...
h5 $1 $15 {1/2-1/2 Gdanski,J-Nevednichy,V/Krynica 1998/CBM 067/[Gofshtein,L] 
(26)}) (9. O-O Nxe3 10. fxe3 e6 11. Qf3 Qf6 12. Qxf6 gxf6 13. Rxf6 Bg7 14. Rf2
Rb8 15. Nd1 Ke7 $44 {Landenbergue,C-Kortschnoj,V Bern Training (1) 1992 0-1 27}
) 9... g6 {fianchetting the dark-squared bishop.} 10. f4 $146 {covering the e5
square. White chooses an aggressive plan with long castle. In the previous
game White tried} (10. O-O Bg7 11. h3 Nf6 12. Re1 O-O 13. Bd3 e5 14. Na4 Nh5
15. Be2 Nf6 16. Bg5 h6 17. Bxf6 Qxf6 18. c4 Rfd8 19. Nc3 Rab8 20. Qc2 Be6 21.
Rad1 Qg5 22. Kh1 Qe7 23. b3 f5 24. Bf3 f4 25. Qe2 Bf8 26. Rd3 {1/2-1/2 Zetocha,
C-Mititelu,G/Romania 1993/EXT 98 (26)}) 10... Bg7 ({It is too dangerous to win
the b2 pawn:} 10... Qb6 11. Qe2 Qxb2 12. Rb1 Qa3 (12... Qxc2 13. Bd3 $18) 13.
Rb7 $44) 11. Qe2 O-O 12. Bb3 {closing the "b" file.} (12. O-O-O Bd4 $5 13. Be1
Be3+ 14. Bd2 Bd4 $11) (12. h3 Nf6 13. Bb3 {-leads to the game.}) 12... a5 13.
h3 Nf6 14. O-O-O Qb8 {Black moves away the queen from "d" file, and occupies
the "b" file at the same time.} ({The pawn sacrifice} 14... a4 {doesn't
promise Black any serious compensation:} 15. Nxa4 c5 16. Nc3 $14) (14... d5 {
is met by} 15. e5 $1 Ne8 16. g4 $36 {[%cal Gh3h4,Gh4h5]}) 15. e5 Nh5 (15... Ne8
16. Rhe1 $14) 16. Rhe1 $14 {[%cal Gg2g4] threatening with g2-g4.White's
chances are obviously better, thanks to well-coordinated pieces.} Bh6 (16... a4
17. Nxa4 c5 18. Nc3 $16) 17. f5 $1 (17. Qf3 {seems strong enough as well:} Ng7
(17... dxe5 18. fxe5 Bxd2+ 19. Rxd2 $16) 18. g4 $16) 17... Ng3 18. Qf2 Bxd2+
19. Qxd2 d5 {closing the a2-g8 diagonal for White's light-squared bishop.} (
19... Nxf5 20. exd6 exd6 21. g4 Ng7 22. Qxd6 $16) (19... Bxf5 20. Qe3 $18) 20.
fxg6 ({Less clear is} 20. f6 exf6 21. exf6 Re8 $13) 20... hxg6 {[%tqu "En",
"Please find the best move for white.","","","d2g5","",10]} 21. Qg5 $1 {
winning the central e7 pawn.} Nf5 22. g4 Ng7 23. Qxe7 $16 {White is a pawn up
without any serious counterplay from Black's side.} Ra7 24. Qh4 Be6 25. Qf2 {
taking control over the g1-a7 diagonal.} Re8 26. Na4 {intending to occupy the
c5 square.} Rae7 27. Qc5 {attacking Black's queenside pawns.} ({Worth
consideration:} 27. Nc5 Bc8 28. Ba4 Qb6 29. Rf1 $16) 27... Qc7 28. Qd6 $1 {
forcing Black to exchange the queens.} Qxd6 {Other continuations don't make
Black's life easier:} (28... Rb8 29. Nc5 Ne8 30. Qxc7 Nxc7 31. Ba4 Rb6 32. Nb3
Ra6 33. Re3 $18) (28... f5 29. Nc5 fxg4 30. Nxe6 Nxe6 31. hxg4 Qxd6 32. exd6
Rd7 33. c4 $18) 29. exd6 Rd7 30. Nc5 Rxd6 (30... Rdd8 31. Ba4 $18) 31. Ne4 {
winning an exchange.} dxe4 32. Rxd6 $18 {The rest should be a matter of an
easy technique, but there is a factor of time....} f5 33. Rxc6 Bxb3 34. axb3
Ne6 35. Ra6 {winning another pawn.} Kf7 36. Rxa5 Kf6 37. h4 {robbing the g5
square from Black's knight.} (37. Rf1 f4) 37... Nd4 38. Ra6+ Ke5 39. Rxg6 Ra8 (
39... f4 {loses as well:} 40. Rg5+ Kf6 41. Rd5 Nf3 42. Rf5+ Kg7 43. Rd1 e3 44.
Rxf4 $18) 40. Kd2 $4 {[%mdl 8192] Terrible mistake on the last move of the
first time control... White throws away his amazing advantage...} (40. Kb1 $1 {
promises White an easy victory:} Nf3 (40... f4 41. Rg5+ $18) 41. Re2 Nxh4 42.
Rh6 (42. Rb6 $18) 42... Nf3 (42... f4 43. Rxh4 f3 44. Re1 f2 45. Rh5+ $1 Kd6 (
45... Kd4 46. c3+ Kd3 47. Rd5#) (45... Kf4 46. Rf5+ $18) 46. Rd1+ Kc6 47. Rf5
e3 48. Rf1 $18) 43. gxf5 $18) 40... Nf3+ 41. Ke2 Nxe1 42. Kxe1 f4 $44 {Now
Black's pawns become very dangerous. White needs to play careful not to lose
this position...} 43. Ke2 e3 44. Kf3 (44. Rg7 {doesn't change an evaluation of
the position.} Rd8 45. Kf3 Rd2 46. Rg5+ Kd6 47. Rg6+ $11 (47. Kxf4 $2 e2 48.
Re5 Rd4+ 49. Kf5 Rd5 $19)) 44... Ra1 45. Rg5+ Kd6 46. Ke2 (46. c4 Rf1+ 47. Ke2
Rf2+ 48. Ke1 (48. Kd3 Rd2+ 49. Kc3 f3 $19) 48... f3 49. Rf5 $11) 46... Rc1 47.
Rf5 (47. c4 Rc2+ 48. Kd3 e2 $19) (47. Rg6+ Kd7 48. Rg7+ Kd6 $11) 47... Rxc2+
48. Ke1 Rc1+ (48... Rf2 49. h5 f3 50. h6 Re2+ 51. Kf1 Rf2+ $11) 49. Ke2 Rc2+
1/2-1/2

[Event "Sochi FIDE GP"]
[Site "Sochi"]
[Date "2008.08.11"]
[Round "10"]
[White "Gashimov, Vugar"]
[Black "Al Modiahki, Mohamad"]
[Result "1-0"]
[WhiteElo "2717"]
[BlackElo "2556"]
[Annotator "Ftacnik,L"]
[PlyCount "79"]
[EventDate "2008.07.31"]
[EventType "tourn"]
[EventRounds "13"]
[EventCountry "RUS"]
[EventCategory "19"]
[SourceTitle "CBM 126"]
[Source "ChessBase"]
[SourceDate "2008.10.01"]
[SourceVersion "1"]
[SourceVersionDate "2008.10.01"]
[SourceQuality "1"]

1. e4 c5 2. Nf3 d6 3. d4 cxd4 4. Nxd4 Nf6 5. Nc3 Nc6 6. Bc4 Qb6 7. Nde2 e6 8.
Bb3 Be7 9. Be3 Qc7 10. Qd2 a6 11. O-O-O {In recent years the Sicilian openings
are showing a small trend in which Black is lured into movng the king's knight
in order to win the bishop. The activity of the knight costs time and also
weakens the defence of the monarch's kingside.} (11. f3 b5 12. O-O-O b4 (12...
O-O 13. g4 Na5 14. g5 Nd7 15. h4 Nxb3+ 16. axb3 Bb7 17. Nf4 Nc5 18. Nh5 Rfd8
19. Kb1 Rac8 20. Rhg1 Nd7 21. Bd4 Bf8 22. Nf6+ {1-0 Vogel,C (2160)-Funke,R 
(2236)/Herne 2007 (59)}) 13. Na4 Rb8 14. g4 Ne5 15. Nd4 Nc4 16. Qe2 Nxe3 17.
Qxe3 Bd7 18. g5 Nh5 19. f4 Qa5 20. Qf3 Nxf4 21. Qxf4 Bxg5 {0-1 Guzman Haensch,
H (2110)-Sorokin,M (2560)/Villa Ballester 1997}) 11... Ng4 12. f4 (12. Bd4 O-O
13. f4 Nxd4 14. Nxd4 Nf6 $11) 12... Nxe3 13. Qxe3 O-O 14. Rhf1 b5 15. f5 {
White is fighting without the bishop pair so he has to act forcefully to
compensate for the deficit with his initiative.} (15. a3 Qa7 16. Qd2 Qc5 $11)
15... b4 16. Na4 Na5 $6 {Al Modiahki is logical and is trying to eliminate the
second white bishop too. The neglect of his development will force Black to
play very accurately.} (16... Qa7 $1 17. Qd2 a5 18. Ng3 Ne5 19. f6 gxf6 20. Nh5
Kh8 21. Nxf6 Bxf6 22. Rxf6 Bb7 23. Qf4 Rg8 24. Rxd6 Rxg2 25. Nb6 (25. Qxe5 $2
Qe3+ 26. Kd1 Kg8 $1 27. Rf1 Qe2+ $19) 25... Rg1+ 26. Kd2 Rg2+ $11) 17. Ng3
Nxb3+ (17... Qa7 18. Qf4 h6 19. Kb1 e5 20. Qd2 Bd7 21. f6 $1 Nxb3 22. axb3 Bxf6
23. Rxf6 gxf6 24. Qxh6 Bg4 25. Rf1 $18) 18. axb3 Kh8 $1 (18... Bb7 19. f6 Rac8
20. Rd2 gxf6 (20... Bxf6 21. Rxf6 gxf6 22. Nh5 $18) 21. Qh6 Kh8 22. Rxf6 Qd8 (
22... Bxf6 $2 23. Qxf6+ Kg8 24. Nh5 $18) 23. Nh5 Rg8 24. Rxf7 Bxe4 25. Qxe6 Rf8
26. Kb1 $16) 19. Nh5 exf5 $2 {[%mdl 16384] The decisive mistake in the form of
illogical opening of diagonals and files for the benefit of his better
developed opponent.} (19... Bb7 20. f6 gxf6 21. Nxf6 (21. Qh6 Rg8 22. Nxf6 Rg7
$11) 21... Bxf6 22. Rxf6 Rac8 23. Rf2 a5 24. Kb1 $14) (19... Rg8 20. Nb6 Rb8
21. Nc4 Rb5 22. f6 Rxh5 23. fxe7 Qxe7 24. h3 $14) 20. exf5 Bb7 (20... Rg8 21.
Nb6 Ra7 22. f6 gxf6 23. Nxf6 Bxf6 24. Rxf6 Be6 25. Qd4 Qc5 26. Rg6+ Qxd4 27.
Rxg8+ Kxg8 28. Rxd4 $16) 21. f6 $1 {The thematic advance is only the
introduction to the invasion phase of the white pieces.} gxf6 (21... Bxf6 22.
Rxf6 gxf6 23. Qh6 Rg8 24. Qxf6+ $18) 22. Rde1 Rfe8 (22... Rae8 $2 23. Qh6 Rg8
24. Nxf6 Rg7 25. Nxe8 $18) (22... Rac8 23. Re2 Rfe8 24. Nb6 Rcd8 25. Rfe1 $18)
23. Nb6 Rab8 24. Qh6 Rg8 (24... Bf8 25. Qxf6+ Kg8 26. Qg5+ Kh8 27. Rxe8 Rxe8
28. Nf6 $18) 25. Nxf6 Rg7 26. Nbd5 {The access of the knights to the d5-square
has become devastating for the defender. White could have won also with the
transfer of the rook to help the kingside attack.} (26. Rf4 $1 Bxf6 (26... Qxb6
27. Rg4 Bxf6 28. Qxf6 Rbg8 29. Qxg7+ Rxg7 30. Re8+ $18) 27. Qxf6 Kg8 (27...
Qxb6 28. Rg4 $18) 28. Re7 Qxb6 29. Rg4 Qg1+ 30. Kd2 $18) 26... Qa5 (26... Bxf6
27. Qxg7+ Kxg7 28. Nxc7 Be5 29. Rd1 $16) 27. Nxe7 Qa1+ 28. Kd2 Qxb2 29. g4 {
A noteworthy defensive move. White is controlling all the important squares
with the exception of the vulnerable g2.} Qc3+ 30. Kd1 Bf3+ (30... Qa1+ 31. Ke2
Qe5+ 32. Kf2 Qc3 33. Kg1 Qxc2 34. Rf2 $18) 31. Rxf3 Qxf3+ 32. Kc1 (32. Re2 Qc3
33. Re3 Qd4+ 34. Ke1 Qb2 35. Nf5 $18) 32... Qc3 33. Re3 Qa1+ 34. Kd2 Qd4+ 35.
Ke2 (35. Ke1 $18) 35... Qc5 36. Nf5 {Finally the time has come for the
decisive move by the knight.} Qxc2+ (36... Rbg8 37. Qxg7+ Rxg7 38. Re8+ $18)
37. Kf3 Qd1+ 38. Kf2 Qc2+ 39. Re2 Qc5+ 40. Kf1 1-0

[Event "YUG-chT"]
[Site "Tivat"]
[Date "1995.??.??"]
[Round "1"]
[White "Sokolov, Andrei"]
[Black "Nevednichy, Vladislav"]
[Result "1-0"]
[WhiteElo "2585"]
[BlackElo "2480"]
[Annotator "Gagarin,V"]
[PlyCount "113"]
[EventDate "1995.??.??"]
[EventType "team-swiss"]
[EventRounds "11"]
[EventCountry "YUG"]
[SourceTitle "CBM 048 Extra"]
[Source "ChessBase"]
[SourceDate "1995.11.01"]
[SourceVersion "1"]
[SourceVersionDate "1995.11.01"]
[SourceQuality "1"]

1. e4 c5 2. Nf3 d6 3. d4 cxd4 4. Nxd4 Nf6 5. Nc3 Nc6 6. Bc4 Qb6 7. Nb3 e6 8.
Bf4 Ne5 9. Be2 Bd7 10. Be3 Qc7 11. Nb5 Qb8 (11... Bxb5 12. Bxb5+ Nc6 13. Bd3
Be7 14. O-O O-O 15. f4 $14 {Zontakh,A-Kozul,Z/Portoroz/1995/0:1/72/}) 12. f4
Ng6 (12... Neg4 13. Bxg4 Bxb5 14. Bf3 Be7 (14... e5 15. a4 Bc6 16. Qd3 Be7 17.
c4 O-O 18. f5 $14 {Lastin,A-Dragomarezkij,E/Moscow/1995/1:0/55/}) 15. Nd4 Bd7
16. Qd3 Qc7 17. O-O a6 18. c4 $14 {Sokolov,An-Khasin,Al/RUS(ch)/1994/1:0/48/})
13. f5 $5 (13. Qd3 $5 Bc6 14. Nc3 Be7 15. O-O O-O 16. Rad1 $14) 13... exf5 14.
exf5 Ne5 15. Qd4 a6 16. Nc3 Bxf5 17. O-O Be6 18. Rxf6 $1 (18. Rad1 Be7 $17)
18... gxf6 19. Nd5 $44 Qd8 20. Rd1 (20. Qa4+ $6 b5 $1 (20... Bd7 21. Qb4 Be7
22. Bb6 Qb8 23. Nc7+ Kf8 24. Nxa8 Qxa8 25. Rd1 $36) 21. Bxb5+ axb5 22. Qxa8
Qxa8 23. Nc7+ Kd7 $1 24. Nxa8 Ng4 $1 (24... Nc4 $2 25. Nb6+ $16) (24... Be7 $2
25. Nb6+ Kc6 26. Nd4+ $1 $16) 25. Bd4 Bh6 $1 26. Nb6+ Kc6 27. Re1 Rb8 28. h3
Ne5 29. Rd1 Rxb6 30. Bxb6 Kxb6 31. Rxd6+ Kc7 $15) 20... Be7 21. Qh4 Rc8 22. c3
h5 23. Bb6 Qd7 24. Nxf6+ Bxf6 25. Qxf6 Rg8 (25... Rh7 26. Qg5 Rh8 27. Bxh5 (27.
Qf6 Rh7 28. Qg5 $10) 27... Qb5 $1 28. Be3 (28. Rxd6 $4 Nf3+ $19) 28... Nc4 29.
Bf3 Nxe3 30. Qxe3 Kd7 $44) 26. Bxh5 Qe7 27. Qh6 Bd7 (27... Nc4 $1 28. Re1 $5
Kd7 $1 (28... Nxb6 $4 29. Rxe6 $18) 29. Bd4 Nxb2 30. Bf6 $44) 28. g3 Rc6 29.
Bd4 Qg5 30. Qxg5 Rxg5 31. Be2 Bg4 $1 32. Bxg4 Rxg4 33. Nd2 f6 34. Kg2 Kf7 35.
h3 Rg6 36. Rf1 Ke6 37. g4 Rc8 38. Ne4 f5 $4 (38... Rh8 39. Ng3 b5 40. Nf5 $44)
39. Rxf5 $16 Rcg8 40. Ng3 Nc6 41. Rf4 Nxd4 42. Rxd4 Rg5 $2 (42... d5 $142 $16)
43. Ne4 Rb5 44. b3 d5 45. a4 $1 Ra5 $6 (45... Rb6 46. Nc5+ Kd6 47. a5 Rc6 48.
b4 Ke5 49. h4 $16) 46. b4 dxe4 47. bxa5 Ke5 48. Rd7 $18 Rc8 49. Re7+ Kf4 50.
Rf7+ Ke5 51. g5 Rxc3 52. h4 Rc2+ 53. Kg3 Rc1 54. Kg4 e3 (54... Rg1+ $142 55.
Kh5 e3 $18) 55. Re7+ Kd4 56. h5 Kd3 57. h6 1-0